|
|
|
|
| LEADER |
00793nam a2200157Ia 4500 |
| 001 |
TDMU_20119 |
| 008 |
210410s9999 xx 000 0 und d |
| 082 |
|
|
|a 370.597
|
| 100 |
|
|
|a Nguyễn, Văn Hiệp
|
| 245 |
|
0 |
|a Thành quả đào tạo sau đại học giai đoạn 1996 - 2005 trên các phương diện quy mô - chất lượng - quản lý
|
| 245 |
|
0 |
|c Nguyễn Văn Hiệp, Phạm Văn Thịnh
|
| 300 |
|
|
|a Tr.12-22
|
| 650 |
|
|
|a Giáo dục
|x Đào tạo sau đại học
|z Việt Nam
|y 1996 - 2005; Sau đại học; Thành quả; Quy mô; Chất lượng; Quản lý
|
| 700 |
|
|
|a Phạm, Văn Thịnh
|
| 856 |
|
|
|u http://lrc.tdmu.edu.vn/opac/search/detail.asp?aID=2&ID=20119
|
| 980 |
|
|
|a Trung tâm Học liệu Trường Đại học Thủ Dầu Một
|